| 000 | 01923nam0a2200361 4500 | ||
|---|---|---|---|
| 001 | RU\NLR\bibl\890087 | ||
| 005 | 20260426062921.0 | ||
| 010 |
_a5-85341-194-2 _9500 |
||
| 021 |
_aRU _b2005-74884 _93692 |
||
| 035 | _a(NLR Aleph) 000878593 | ||
| 090 |
_a1644521 _c1644521 |
||
| 100 | _a20051219d2005 |||y0rusy50 ca | ||
| 101 | 0 | _arus | |
| 102 | _aRU | ||
| 105 | _aa ||||||||| | ||
| 200 | 1 |
_aФизиолого-гигиенические основы физического воспитания детей _eучебное пособие _fВ.Ф. Воробьев _gМ-во образования и науки Рос. Федерации, Федер. агентство по образованию, ГОУ ВПО Череповец. гос. ун-т, Ин-т педагогики и психологии |
|
| 210 |
_aЧереповец _cГОУ ВПО ЧГУ _d2005 |
||
| 215 |
_a157, [1] с. _cил. _d21 |
||
| 320 | _aБиблиогр.: с. 157 (18 назв.) | ||
| 606 | 1 |
_aДети _jУчебные издания для высших учебных заведений _xФизическое воспитание _xГигиенические основы _9974647 _3RU\NLR\auth\66366102 |
|
| 606 |
_aДошкольники _xФизическое воспитание _jУчебные издания _3RU\NLR\auth\66462627 _91157227 |
||
| 606 | 1 |
_aДети раннего возраста _jУчебные издания _xФизическое воспитание _9998411 _3RU\NLR\auth\66378226 |
|
| 686 | _aР128.34я73 | ||
| 686 | _aЧ411.354я7 | ||
| 686 | _aЧ491.354 | ||
| 686 | _aЧ491.31-11 | ||
| 700 | 1 |
_4070 _8rus _7ca _aВоробьев _bВ. Ф. _cканд. биол. наук, физ. воспитание _gВладислав Федорович _3RU\NLR\auth\77111591 _994516 |
|
| 801 | 0 |
_aRU _bNLR _c20051219 _grcr |
|
| 801 | 1 |
_aRU _bNLR _c20051219 |
|
| 942 | _cBOOK | ||
| 980 | _aNB | ||
| 980 | _aNBR | ||